000 01122nam a22002897a 4500
001 5369
003 FISKH
005 20241128150644.0
008 241128b cb ||||| |||| 00| 0 eng d
020 _a9780531265611
040 _aFISKH
_beng
_cFISKH
_dFISKH
050 _aHV6432.D63
082 _a363.340973
100 _aDoak, Robin S.
245 _aHomeland Security :
_bBringing History to Life /
_cby Robin S. Doak
260 _aNew York :
_bChildren's Press ;
_c2012.
300 _a64 pages :
_bcolor illustrations , maps ;
_c24 cm .
490 _aCornerstones of Freedom
_vThird Series
505 _aZ
520 _aALooks at the Department of Homeland Security and its role in intelligence gathering, border protection, airline security, and disaster response, and discusses the conflict between security precautions and personal freedom.
521 8 _a1000
_bLexile
521 8 _aZ
_bRaz-Plus
650 _aUnited States. Dept. of Homeland Security
_vJuvenile literature
650 _aTerrorism- United States - Prevention
_vJuvenile literature
942 _2ddc
_cBK
_n0
999 _c5369
_d5369